banner-ar

من الحكى الشعبى : (Record no. 63185)

MARC details
000 -الفاتح
حقل البيانات ثابتة الطول 00879nam a22002177a 4500
005 - وقت وتاريخ اخر تعامل مع التسجيلة
رقم الضبط 20240530110627.0
008 - عناصر البيانات ثابتة الطول - معلومات عامة
حقل البيانات ثابتة الطول 170108s2014 ua g b 000 0 ara d
017 ## - رقم الايداع القانونى
رقم الايداع القانونى 2014/8938
المصدر ( الهيئة المختصة) مصر. دار الكتب
020 ## - الرقم الدولى المعيارى للكتب
الرقم الدولى المعيارى للكتاب 9789773223298
040 ## - مصدر الفهرسة
وكالة الفهرسة الأصلية EG-CaGPL
وكالة النسخ EG-CaGPL
082 04 - رقم تصنيف ديوى العشرى
رقم الطبعة 21
رقم التصنيف 398.27
رقم المادة ط م
100 0# - المدخل الرئيسى - إسم شخصى
الإسم الشخصى طلعت عبدالعزيز ابو العزم
245 10 - بيان العنوان
العنوان من الحكى الشعبى :
بقية العنوان حكايات المعلم احمد ابوالجدايل/
بيان المسئوليه,etc جمع ودراسة طلعت عبدالعزيز ابوالعزم
250 ## - بيان الطبعة
بيان الطبعة ط.1
260 ## - PUBLICATION, DISTRIBUTION, ETC. (IMPRINT)
تاريخ النشر أو التوزيع 2014
300 ## - الوصف المادى
التعداد 102 ص؛
أبعاد الوعاء 24 سم
600 ## - المدخل الاضافى بالموضوع-اسم شخصى
الإسم الشخصى احمد ابوالجدايل .
650 07 - المدخل الاضافى بالموضوع-مصطلح موضوعى
مصدر الرأس أو المصطلح qrmak
مصطلح موضوعي القصص الشعبية
942 ## - عناصر المدخل الإضافي( كوها)
مصدر التصنيف او مخطط الترفيف Dewey Decimal Classification
Koha [default] item type كتاب
260 ## - PUBLICATION, DISTRIBUTION, ETC. (IMPRINT)
-- القاهرة :
-- عين للدراسات و البحوث الانسانية و الاجتماعية ،
Holdings
حالة التراجع حالة الفقد حالة تلف ليس للاعارة المكان المؤقت الموقع الحالى موقع الترفيف تاريخ الاكتساب اجمالي اﻻعارات رقم الطلب الباركود تاريخ اخر مشاهدة تاريخ تفعيل السعر نوع وعاء كوها
        مكتبة القاهرة الكبرى مكتبة القاهرة الكبرى القاعة الرئيسية 01/10/2017   398.27 ط م 163150 01/10/2017 01/10/2017 كتاب

Powered By

EGPV